| 000 | 00734nas a2200229 4500 | ||
|---|---|---|---|
| 001 | BR4300124 | ||
| 003 | BR-BrBNA | ||
| 005 | 20231205081828.0 | ||
| 007 | ta | ||
| 008 | 230509b bl.|||p| |||| 00| 00por d | ||
| 040 |
_aBR-BrBNA _bpor _cBiblioteca Nacional de Agricultura |
||
| 041 | _a(Pt) | ||
| 072 | _aE15 | ||
| 110 | 1 |
_aServico de Economia Rural, Rio de Janeiro, GB (Brasil) _99315 |
|
| 245 | 1 | _aO Cooperativismo na America do Sul | |
| 650 | _aMicroeconomia | ||
| 650 | _aDesenvolvimento cooperativista | ||
| 650 | _aAmerica do Sul | ||
| 773 | 0 |
_tBoletim de Cooperativismo do Estado do Rio de Janeiro (Brazil) _x _g(Jul 1943), v. 2(19) p. 25-26 _wBR4300124 |
|
| 909 |
_a202311 _bLúcia _c55 _dLúcia Elande |
||
| 942 |
_2AGRIS _n0 _cANA |
||
| 999 |
_c87156 _d87156 |
||